Geography Quiz

Random Geography or City Quiz

World capital cities in the USA Quiz Stats

 Plays Quiz not verified by Sporcle

Score 0/45 Timer 10:00
0 Plays Today
State(s) Town/City % Correct
Arkansas, Kentucky, Missouri, OhioLondon (United Kingdom)
94.5%
Arkansas, Illinois, Iowa, Kentucky, Maine, Missouri, Texas, VirginiaParis (France)
94.5%
Georgia, Maine, Missouri, New York, WisconsinRome (Italy)
90.3%
Idaho, Iowa, Kansas, Maine, Pennsylvania, Tennessee, TexasMoscow (Russia)
88.9%
Connecticut, Maryland, Massachusetts, Missouri, New Hampshire, New Jersey, New York, North Dakota, WisconsinBerlin (Germany)
87.8%
Alabama, Iowa, Maine, Nebraska, New YorkMadrid (Spain)
86.9%
MinnesotaOslo (Norway)
82.1%
Connecticut, Iowa, Maine, Missouri, New York, North Dakota, WisconsinLisbon (Portugal)
82%
Alabama, Georgia, Illinois, Missouri, Ohio, Tennessee, Texas, WisconsinAthens (Greece)
81.9%
California, Georgia, New Hampshire, Ohio, TexasDublin (Republic of Ireland)
80.1%
Georgia, Illinois, Missouri, Nebraska, New York, West VirginiaCairo (Egypt)
77.8%
New Jersey, New York, Texas, WisconsinStockholm (Sweden)
77.7%
Missouri, New YorkAmsterdam (Netherlands)
77.4%
Indiana, Kentucky, Missouri, New York, North Carolina, VirginiaWarsaw (Poland)
73%
WisconsinBrussels (Belgium)
71.6%
Georgia, Illinois, Louisiana, Missouri, New York, Virginia, West VirginiaVienna (Austria)
71.2%
Illinois, Kansas, Ohio, WisconsinOttawa (Canada)
69.7%
Indiana, Kansas, New York, WisconsinBern(e) (Switzerland)
69.6%
Nebraska, OklahomaPrague (Czech Republic)
65.7%
New YorkCopenhagen (Denmark)
62.1%
New York, Ohio, WisconsinLima (Peru)
60.6%
Colorado, Kansas, Missouri, Texas, UtahWellington (New Zealand)
60.5%
New YorkJerusalem (Israel)
60.2%
State(s) Town/City % Correct
Florida, Illinois, North DakotaHavana (Cuba)
57.4%
Massachusetts, New Hampshire, Missouri, New York, Rhode Island, Tennessee, WashingtonKingston (Jamaica)
53.1%
Georgia, MissouriBudapest (Hungary)
47.4%
New YorkRiga (Latvia)
46.5%
California, IllinoisSan Jose (Costa Rica)
45.9%
Maine, Minnesota, Missouri, Montana, NebraskaBelgrade (Serbia)
43.3%
FloridaPanama City (Panama)
43%
Delaware, Kentucky, Massachusetts, Missouri, South Carolina, TexasGeorgetown (Guyana)
41%
Arkansas, Missouri, UtahManila (Philippines)
40.1%
Arkansas, Georgia, Maryland, Missouri, New York, Oregon, Pennsylvania, VirginiaDamascus (Syria)
39.5%
IowaTripoli (Libya)
36.8%
IndianaLa Paz (Bolivia)
33.2%
Massachusetts, New YorkFreetown (Sierra Leone)
32.8%
Minnesota, New YorkNassau (Bahamas)
32.2%
CaliforniaSan Marino (San Marino)
29.8%
MinnesotaMontevideo (Uruguay)
29.7%
North CarolinaKingstown (Saint Vincent and the Grenadines)
28.5%
California, IndianaMonrovia (Liberia)
27.9%
Arizona, Illinois, MichiganSt John's (Antigua and Barbuda)
24.5%
Kansas, Minnesota, Missouri, Texas, VirginiaVictoria (Seychelles)
20.8%
MinnesotaRoseau (Dominica)
14.3%
UtahMoroni (Comoros)
8.8%

You're not logged in!

Compare scores with friends on all Sporcle quizzes.
OR
Log In

Show Comments

Extras

Top Quizzes Today


Score Distribution

Your Account Isn't Verified!

In order to create a playlist on Sporcle, you need to verify the email address you used during registration. Go to your Sporcle Settings to finish the process.

Report this User

Report this user for behavior that violates our Community Guidelines.

Details: